00371nam a22001217a 4500082003200000100002200032245005600054250000800110260005000118300003600168526003700204650000800241 a621.381537bKEIcL-10, L-32 aKeister, William  aThe Design of Switching CircuitscKeister, William  a8th aNew YorkbD. Van Nostrand Company, Inc.c1951 axviii, 556 p. ;bill, ;c22 cm. a0b0c0d621_381537000000000_KEI aMCE